000 00344nam a22001337a 4500
082 _a200
_bPIY/T
100 _aPIYANANDA, BHANTE WALPOLA
100 _aLONG, STEPHEN
245 _aTHUS WE HEARED RECOLLECTIONS OF THE LIFE OF THE BUDDHA
260 _aLOS ANGELES
_bMETTA
_c2010
300 _a546
650 _aRELIGIOUS
_zUNITED STATES
942 _cBK
999 _c5251
_d5251